Adivina el jugador de fútbol 1 - Estadísticas

Estadísticas generales
  • Esta prueba ha sido intentada 947 veces
  • La puntuación promedio es 7 de 8
Estadísticas de respuestas
Imagen Respuesta % Correcto
Leo Messi
100%
Cristiano Ronaldo
99%
Mohamed Salah
93%
Kylian Mbappé
92%
Gerard Piqué
91%
Andrés Iniesta
87%
Jan Oblak
86%
Xabi Alonso
67%
No se encontraron pruebas coincidentes
Distribución de puntuación
Porcentaje de gente con cada puntuación
Porcentaje por número respondido
Historial de tus puntuaciones
No has intentado esta prueba.